000 01481cam a22004217a 4500
001 000093625
003 CHAP
005 20220329142944.0
008 050415d2005 mx r 00110 spa d
010 _a90091
011 _a91063
035 _a101621
040 _cCHAP
090 _aTesis
100 0 0 _aLara Sánchez, Ivan Isazky.
_964873
245 1 0 _aExtracción de ADN en Abies religiosa /
_c/por Ivan Isazky Lara Sánchez.
260 _aChapingo, Méx. :
_bEl autor,
_c2005.
300 _a64 h. : ilus.; gráfs.; cuadros.
502 _aTesis (Ing. en Restauración Forestal) -- UACH. División de Ciencias Forestales
590 _aALEPH
_b10
_c20130110
_lUCH01
_h1505
590 _aBATCH-UPD
_b10
_c20130110
_lUCH01
_h1457
590 _aBATCH-UPD
_b10
_c20130410
_lUCH01
_h0921
590 _aBATCH-UPD
_b10
_c20130913
_lUCH01
_h1905
590 _aBATCH-UPD
_b10
_c20140324
_lUCH01
_h1450
590 _aBATCH-UPD
_b10
_c20141002
_lUCH01
_h0826
590 _aCONVERSION
_b10
_c20130109
_lUCH01
_h1350
590 _aE5765TAJ
_b10
_c20130617
_lUCH01
_h1406
650 1 4 _aAcido desoxirribonucléico en plantas.
_9581
650 1 4 _aExtracción (Química)
_939212
650 1 4 _aOyamel.
_984468
856 _3Finding aid
_uhttp://10.13.5.2/tesis/101621.pdf
_zTeclea aquí
901 _aBK
905 _aElisama A. H.
942 _cCD
942 _n0
949 _aTesis
_bBC
_cTES
_d101621
_eTS1
_h43659
_i101621
_sb
949 _aTesis
_bBC
_cTES
_d33724000928461
_eTS2
_fc.2
_h43660
_i101621
_sb
999 _c90091
_d90091